[Event "AUTO-OPEN-3141"]
[Site "http://www.queenalice.com/game.php?id=1239651"]
[Date "2013.12.12"]
[Round "1"]
[White "josa23"]
[Black "TheOperator"]
[Result "1-0"]
[WhiteElo "1525"]
[BlackElo "1483"]

1. e4 e5 2. Nf3 d6 3. Bc4 Nf6 4. Nc3 Bd7 5. d3 Bc6 6. Bg5 h6 7. Bh4 Be7 8. O-O
O-O 9. Re1 Nbd7 10. Qd2 Nc5 11. Ne2 Qd7 12. Rad1 d5 13. exd5 Nxd5 14. Nxe5 Qf5
15. Bxe7 Nxe7 16. Nxc6 Nxc6 17. Ng3 Qg6 18. Qf4 Ne6 19. Bxe6 fxe6 20. Qxc7 Rf7
21. Qd6 Re8 22. Re2 h5 23. Rde1 h4 24. Rxe6 Qg5 25. Rxe8+ Kh7 26. Ne4 Qf5 27.
Re3 Qh5 28. h3 g6 29. Rf3 Kg7 30. Rxf7+ 1-0

[Event "AUTO-OPEN-3141"]
[Site "http://www.queenalice.com/game.php?id=1239652"]
[Date "2013.12.12"]
[Round "1"]
[White "TheOperator"]
[Black "josa23"]
[Result "1-0"]
[WhiteElo "1463"]
[BlackElo "1535"]

1. e4 c5 2. b3 Nc6 3. c3 d6 4. Nf3 Bg4 5. h3 Bh5 6. d4 cxd4 7. cxd4 f6 8. Be2
Qb6 9. Nc3 Bxf3 10. Bxf3 Qxd4 11. Qc2 Ne5 12. Be3 Nxf3+ 13. gxf3 Qb4 14. O-O e6
15. a3 Qa5 16. b4 Qc7 17. Qd2 Be7 18. f4 Nh6 19. Rac1 Qd7 20. a4 Nf7 21. Nb5 O-O
22. Rc7 Qe8 23. Rxb7 Rc8 24. Nxa7 Rd8 25. Nb5 Rd7 26. Nc7 Qc8 27. Rb5 Rxc7 28.
Rh5 Rc2 29. Qd3 e5 30. f5 Ng5 31. Kg2 Rc3 32. Qd1 Nxe4 33. Qg4 Rxe3 34. h4 Qc6
35. fxe3 Nd2+ 36. Kf2 Nxf1 37. Kxf1 Qh1+ 38. Kf2 1-0

[Event "AUTO-INT-2775"]
[Site "http://www.queenalice.com/game.php?id=1239848"]
[Date "2013.12.13"]
[Round "1"]
[White "josa23"]
[Black "ajr"]
[Result "1-0"]
[WhiteElo "1383"]
[BlackElo "1661"]

1. e4 c5 2. Nf3 d6 3. Bc4 Nf6 4. Nc3 a6 5. d3 Bg4 6. h3 Bxf3 7. Qxf3 h6 8. Nd5
b5 9. Nxf6+ exf6 10. Bd5 Ra7 11. O-O Be7 12. Bd2 O-O 13. Qg4 Qd7 14. Qg3 g5 15.
f4 Kg7 16. fxg5 hxg5 17. Bc3 b4 18. Qxg5+ Kh7 19. Qh5+ Kg7 20. Rf3 bxc3 21. Rg3+
1-0

[Event "AUTO-INT-2775"]
[Site "http://www.queenalice.com/game.php?id=1239849"]
[Date "2013.12.13"]
[Round "1"]
[White "ajr"]
[Black "josa23"]
[Result "1-0"]
[WhiteElo "1730"]
[BlackElo "1533"]

1. Nf3 c5 2. b3 Nc6 3. c4 Nf6 4. d3 g6 5. h3 Bg7 6. Nc3 O-O 7. Bg5 d6 8. Bxf6
Bxf6 9. Qd2 Qa5 10. Nd5 Qxd2+ 11. Nxd2 Bxa1 12. e3 Bd7 13. Nf3 e6 14. Nc7 Rac8
15. Nb5 d5 16. Nd6 Rc7 17. e4 Bc3+ 18. Kd1 Ne5 19. Be2 Nxf3 20. Bxf3 dxc4 21.
Nxc4 Rd8 22. Kc2 Bg7 23. e5 b5 24. Ne3 Bxe5 25. Ng4 Bg7 26. Ne3 Bc6 27. Bxc6
Rxc6 28. g4 Rcd6 29. Rd1 1-0

[Event "AUTO-INT-2775"]
[Site "http://www.queenalice.com/game.php?id=1239852"]
[Date "2013.12.13"]
[Round "1"]
[White "josa23"]
[Black "Leo_cx"]
[Result "1-0"]
[WhiteElo "1410"]
[BlackElo "1594"]

1. e4 e5 2. Nf3 d6 3. Bc4 Nh6 4. d3 Bg4 5. Nbd2 Bxf3 6. Qxf3 f6 7. Nf1 g5 8.
Qh5+ Ke7 9. Ng3 a6 10. Nf5+ Kd7 11. Nxh6 Bxh6 12. Qxh6 Nc6 13. Qh3+ Ke8 14. Qe6+
1-0

[Event "AUTO-INT-2775"]
[Site "http://www.queenalice.com/game.php?id=1239853"]
[Date "2013.12.13"]
[Round "1"]
[White "Leo_cx"]
[Black "josa23"]
[Result "0-1"]
[WhiteElo "1571"]
[BlackElo "1433"]

1. e3 c5 2. c4 Nc6 3. a3 Nf6 4. h3 g6 5. Bd3 Bg7 6. Nc3 d6 7. Qb3 O-O 8. f4 Rb8
9. Nb5 a6 10. Nc3 Be6 11. Nf3 b5 12. Qc2 bxc4 13. Be4 Na5 0-1

[Event "AUTO-BEG-598"]
[Site "http://www.queenalice.com/game.php?id=1242814"]
[Date "2013.12.26"]
[Round "1"]
[White "ChessLeticia"]
[Black "josa23"]
[Result "0-1"]
[WhiteElo "1689"]
[BlackElo "1510"]

1. e4 c5 2. d3 Nc6 3. Nf3 d6 4. g3 Bg4 5. Bg2 Nf6 6. O-O e6 7. Nbd2 Be7 8. h3
Bh5 9. c3 O-O 10. g4 Bg6 11. Re1 Rc8 12. Nc4 Qc7 13. Bg5 b5 14. Ne3 h6 15. Bxf6
Bxf6 16. Qd2 Rfd8 17. Rad1 Ne5 18. Nxe5 Bxe5 19. Rf1 Bf4 20. Qe2 a5 21. Qf3 Bxe3
22. fxe3 c4 23. d4 b4 24. e5 dxe5 25. Qg3 exd4 26. Qxc7 Rxc7 27. exd4 Bd3 0-1

[Event "AUTO-BEG-598"]
[Site "http://www.queenalice.com/game.php?id=1242815"]
[Date "2013.12.26"]
[Round "1"]
[White "josa23"]
[Black "ChessLeticia"]
[Result "1-0"]
[WhiteElo "1485"]
[BlackElo "1714"]

1. e4 c5 2. Nf3 d6 3. Bc4 Nf6 4. d3 g6 5. Nc3 Bg7 6. Bg5 O-O 7. O-O Nc6 8. Nd5
Nxd5 9. exd5 Na5 10. c3 Nxc4 11. dxc4 Bg4 12. Re1 h6 13. Bxe7 Qd7 14. Bxf8 Kxf8
15. Qd3 Bf5 16. Qe3 Re8 17. Qxe8+ Qxe8 18. Rxe8+ Kxe8 19. Re1+ Kd7 20. h3 h5 21.
Ng5 f6 22. Ne6 Bh6 23. b4 Bd2 24. Re2 Bxc3 25. bxc5 dxc5 26. Nxc5+ 1-0

[Event "AUTO-BEG-598"]
[Site "http://www.queenalice.com/game.php?id=1242830"]
[Date "2013.12.26"]
[Round "1"]
[White "Ajunior"]
[Black "josa23"]
[Result "1-0"]
[WhiteElo "1264"]
[BlackElo "1525"]

1. d4 d5 2. Nf3 Nf6 3. e3 e6 4. c4 Be7 5. Bd3 Bd7 6. Nc3 dxc4 7. Bxc4 O-O 8. e4
Bb4 9. Qc2 Bc6 10. Bd3 Bxc3+ 11. bxc3 Nbd7 12. e5 Ng4 13. h3 Nh6 14. Bxh7+ Kh8
15. Be4 Bxe4 16. Qxe4 Nf5 17. Ng5 f6 18. Nxe6 Qe7 19. Qxf5 fxe5 20. Nxf8 Rxf8
21. Qh5+ Kg8 22. Bg5 Qe6 23. O-O 1-0

[Event "AUTO-BEG-598"]
[Site "http://www.queenalice.com/game.php?id=1242831"]
[Date "2013.12.26"]
[Round "1"]
[White "josa23"]
[Black "Ajunior"]
[Result "0-1"]
[WhiteElo "1525"]
[BlackElo "1312"]

1. e4 e6 2. Nf3 g6 3. Be2 Bg7 4. Nc3 d6 5. d3 Nf6 6. Bg5 Nc6 7. O-O O-O 8. Re1
h6 9. Bh4 g5 10. Bg3 Nh5 11. Rc1 Nxg3 12. fxg3 Nd4 13. Nxd4 Bxd4+ 14. Kh1 d5 15.
exd5 e5 16. Bf3 Bd7 17. Be4 g4 18. Qd2 f5 19. Qxh6 Qf6 20. Qxf6 Rxf6 21. Rf1
Raf8 22. d6 fxe4 0-1

[Event "AUTO-INT-2886"]
[Site "http://www.queenalice.com/game.php?id=1298258"]
[Date "2014.7.31"]
[Round "1"]
[White "josa23"]
[Black "fracasso"]
[Result "1-0"]
[WhiteElo "1574"]
[BlackElo "1524"]

1. e4 e5 2. Nf3 d6 3. Bc4 Nc6 4. Nc3 Bg4 5. h3 Be6 6. Qe2 f5 7. exf5 Bxf5 8. d3
Qf6 9. Ne4 Qg6 10. Nh4 Nd4 11. Nxg6 Nxe2 12. Nxh8 Ne7 13. Kxe2 d5 14. Bb3 dxe4
15. dxe4 Bxe4 16. Nf7 Bxg2 17. Bg5 Bd5 18. Nxe5 h6 19. Bxe7 Bxe7 20. Bxd5 Bd6
21. Nc4 Bc5 22. Rae1 c6 23. Kd1+ Kd7 24. Be6+ Kc7 25. Re5 Rd8+ 26. Ke1 Bb4+ 27.
c3 Bd6 28. Nxd6 Rxd6 29. Bg4 Kb6 30. Ke2 Kc7 31. Rd1 a6 32. Re7+ 1-0

[Event "AUTO-INT-2886"]
[Site "http://www.queenalice.com/game.php?id=1298259"]
[Date "2014.7.31"]
[Round "1"]
[White "fracasso"]
[Black "josa23"]
[Result "0-1"]
[WhiteElo "1567"]
[BlackElo "1539"]

1. e4 c5 2. Nc3 Nc6 3. Nd5 e6 4. Nf4 d5 5. exd5 exd5 6. d3 Nf6 7. c4 Be7 8. Be3
dxc4 9. Qc2 cxd3 10. Bxd3 b6 11. Bb5 Bd7 12. O-O-O Qc7 13. Nf3 O-O 14. Ng5 g6
15. Bc4 Bf5 16. Qe2 Nd4 17. Bxd4 Qxf4+ 18. Be3 Qc7 19. f3 Rad8 20. Rde1 Nd5 21.
Bb5 c4 22. Bxc4 Nxe3 23. Qxe3 Qxc4+ 24. Qc3 Bxg5+ 0-1

[Event "AUTO-INT-2886"]
[Site "http://www.queenalice.com/game.php?id=1298260"]
[Date "2014.7.31"]
[Round "1"]
[White "josa23"]
[Black "bestb40409"]
[Result "0-1"]
[WhiteElo "1588"]
[BlackElo "1894"]

1. e4 e6 2. Nf3 d5 3. exd5 exd5 4. Bb5+ c6 5. Ba4 Nf6 6. c3 Bd6 7. d3 O-O 8. Bg5
Re8+ 9. Be3 Ng4 10. Nbd2 Nxe3 11. fxe3 Rxe3+ 12. Kf2 Re6 13. Re1 Qb6+ 14. d4
Qxb2 15. Rxe6 fxe6 16. Qc1 Ba3 17. Qxb2 Bxb2 18. Re1 Bxc3 19. Re5 c5 20. Rg5 Bd7
21. Bxd7 Nxd7 22. dxc5 Rf8 23. Kg1 Nxc5 24. Nb3 Nxb3 25. axb3 d4 26. Re5 Re8 27.
Ng5 d3 28. Rc5 Bd4+ 29. Kf1 Bxc5 30. h4 Bb4 31. Ne4 Rf8+ 32. Kg1 d2 33. Nxd2
Bxd2 34. b4 Bf4 35. g3 Bxg3 36. h5 Rf2 37. b5 e5 38. h6 e4 39. b6 axb6 40. hxg7
e3 41. Kh1 e2 42. Kg1 e1=R# 0-1

[Event "AUTO-INT-2886"]
[Site "http://www.queenalice.com/game.php?id=1298261"]
[Date "2014.7.31"]
[Round "1"]
[White "bestb40409"]
[Black "josa23"]
[Result "1-0"]
[WhiteElo "1901"]
[BlackElo "1607"]

1. e4 c5 2. Nf3 Nc6 3. c3 d6 4. d4 cxd4 5. cxd4 Bg4 6. Be2 Nf6 7. Qa4 g6 8. d5
Qa5+ 9. Nc3 Qxa4 10. Nxa4 Ne5 11. b3 Bxf3 12. gxf3 Bg7 13. Bb2 O-O 14. h4 Nh5
15. Rg1 Nxf3+ 16. Bxf3 Bxb2 17. Nxb2 Rac8 18. Bxh5 Rc2 19. Nc4 b5 20. Kd1 Rxf2
21. Ne3 Rc8 22. Be2 Rc3 23. Kd2 b4 24. Nd1 Rxe2+ 25. Kxe2 Rc7 26. Ne3 a6 27.
Rac1 Rxc1 28. Rxc1 Kg7 29. Rc7 h5 30. Rxe7 a5 31. Nc4 a4 32. Nxd6 axb3 33. axb3
g5 34. hxg5 h4 35. Ne8+ Kg6 36. Re5 h3 37. Kf2 h2 38. Kg2 f6 39. gxf6 h1=Q+ 40.
Kxh1 Kf7 41. d6 Kf8 42. Re7 Kg8 43. f7+ Kf8 44. Nc7 Kg7 45. d7 Kf8 46. d8=Q+ Kg7
47. Qd6 Kh7 48. f8=R# 1-0

[Event "AUTO-INT-2886"]
[Site "http://www.queenalice.com/game.php?id=1298262"]
[Date "2014.7.31"]
[Round "1"]
[White "josa23"]
[Black "Jomaley"]
[Result "1-0"]
[WhiteElo "1584"]
[BlackElo "1533"]

1. e4 e5 2. Nf3 Qf6 3. Bc4 Nh6 4. d3 Bb4+ 5. Bd2 a5 6. O-O c6 7. c3 Bd6 8. Bg5
Qg6 9. Nbd2 b5 10. Bb3 a4 11. Bc2 f6 12. Bh4 Qg4 13. h3 Qe6 14. Qe2 Na6 15. Rfe1
g5 16. Bg3 g4 17. hxg4 Nxg4 18. Nh2 Nxh2 19. Bxh2 h5 20. Rad1 Rg8 21. Qxh5+ Kd8
22. b3 a3 23. Re3 b4 24. d4 bxc3 25. d5 cxd5 26. exd5 Qxd5 27. Be4 Qd4 28. Nc4
Qc5 29. Rxd6 Ra7 30. Qh4 Rf8 31. Bxe5 Bb7 32. Bxf6+ Rxf6 33. Qxf6+ Kc7 34. Bxb7
Rxb7 35. Rxa6 c2 36. Rc3 Rxb3 37. axb3 c1=R+ 38. Rxc1 Qxc4 39. Rxc4+ Kb7 40.
Qb6# 1-0

[Event "AUTO-INT-2886"]
[Site "http://www.queenalice.com/game.php?id=1298263"]
[Date "2014.7.31"]
[Round "1"]
[White "Jomaley"]
[Black "josa23"]
[Result "0-1"]
[WhiteElo "1550"]
[BlackElo "1556"]

1. e4 c5 2. c4 Nc6 3. d3 d6 4. Nf3 Bg4 5. h3 Bh5 6. g4 Bg6 7. h4 f6 8. h5 Bf7 9.
g5 fxg5 10. Nxg5 Nf6 11. f3 e6 12. Nxf7 Kxf7 13. Bg5 Be7 14. h6 g6 15. Qb3 Nd4
16. Qd1 a6 17. Nc3 b5 18. cxb5 axb5 19. a3 Qb6 20. Be3 b4 21. Ne2 bxa3 22. bxa3
Nxf3+ 23. Kf2 Ne5 24. d4 Neg4+ 25. Kf3 Nxe3 26. dxc5 Qxc5 27. Qb3 Neg4 28. Nf4
Qf2# 0-1

[Event "Challenge"]
[Site "http://www.queenalice.com/game.php?id=1307605"]
[Date "2014.9.11"]
[Round "-"]
[White "Rogerio11"]
[Black "josa23"]
[Result "0-1"]
[WhiteElo "1158"]
[BlackElo "1572"]

1. e4 c5 2. Nc3 Nc6 3. Nf3 d6 4. Nd5 Bd7 5. d3 g6 6. Ng5 Bg7 7. Qf3 Ne5 8. Qf4
Nf6 9. c4 O-O 10. Nxf6+ Bxf6 11. h4 b5 12. cxb5 Bxb5 13. b3 Bxd3 14. a3 Bxf1 15.
Rxf1 Nd3+ 16. Ke2 Nxf4+ 0-1

[Event "OS INCLIVEIS"]
[Site "http://www.queenalice.com/game.php?id=1317791"]
[Date "2014.10.24"]
[Round "-"]
[White "adelio"]
[Black "josa23"]
[Result "1-0"]
[WhiteElo "1688"]
[BlackElo "1603"]

1. a3 e5 2. e4 Nc6 3. Nc3 d6 4. Be2 Be6 5. h4 Nf6 6. h5 h6 7. g4 Nd4 8. d3 Be7
9. Nh3 Qd7 10. g5 Bxh3 11. gxf6 Bxf6 12. Nd5 Bg5 13. Nxc7+ Qxc7 14. Rxh3 Nxc2+
15. Kf1 Nxa1 16. Bxg5 hxg5 17. Qxa1 O-O-O 18. b4 g6 19. Bg4+ Kb8 20. d4 Qb6 21.
dxe5 dxe5 22. Qxe5+ Ka8 23. Qxg5 1-0

[Event "OS INCLIVEIS"]
[Site "http://www.queenalice.com/game.php?id=1317792"]
[Date "2014.10.24"]
[Round "-"]
[White "josa23"]
[Black "adelio"]
[Result "0-1"]
[WhiteElo "1590"]
[BlackElo "1701"]

1. e4 g6 2. Nf3 a6 3. Bc4 d5 4. exd5 Qd6 5. O-O Bg4 6. Re1 b5 7. Bb3 c6 8. dxc6
Nxc6 9. d3 Nd4 10. Nbd2 h5 11. h3 e6 12. Ne4 Qc7 13. Neg5 Be7 14. c3 Bxf3 15.
Nxf3 Nxf3+ 16. Qxf3 Ra7 17. Be3 Rb7 18. d4 Nf6 19. d5 Nxd5 20. Bxd5 exd5 21.
Qxd5 O-O 0-1

[Event "Challenge"]
[Site "http://www.queenalice.com/game.php?id=1318751"]
[Date "2014.10.28"]
[Round "-"]
[White "gobblemate"]
[Black "josa23"]
[Result "0-1"]
[WhiteElo "1315"]
[BlackElo "1598"]

1. d4 d5 2. Nf3 Nc6 3. e3 Bf5 4. c4 e6 5. a3 Nf6 6. Nc3 dxc4 7. Bxc4 Be7 8. b4
O-O 9. Bd2 Ne4 10. Nxe4 Bxe4 11. O-O Bd6 0-1

[Event "Challenge"]
[Site "http://www.queenalice.com/game.php?id=1318752"]
[Date "2014.10.28"]
[Round "-"]
[White "josa23"]
[Black "gobblemate"]
[Result "1-0"]
[WhiteElo "1603"]
[BlackElo "1310"]

1. e4 c5 2. Nf3 e6 3. Bc4 Nc6 4. d4 cxd4 5. Bf4 Qa5+ 6. Bd2 Qb6 7. Bb3 Nge7 8.
O-O Ng6 9. Bf4 Nxf4 10. c3 Bc5 11. cxd4 1-0